000 00515nam a2200169 i 4500
001 140705
003 ES-MaACL
005 20230906200133.0
007 t|
008 070914s1966 sp ||||1| spa d
100 1 _aWellisz, Stanislaw.
_9116450
245 1 3 _aLa economía en el bloque soviético /
_cStanislaw Wellisz ; [traducción: Julio Cerón].
260 _aMadrid :
_bAlianza Editorial,
_c[1966]
300 _a264 p. ;
_c18 cm.
700 1 _aCerón, Julio.
_937544
852 _aES-MaACL
_jC-30088
_bR.60650
999 _c140705
_d140705